[Event "Mashhad Ferdowsi op 6th"]
[Site "Mashhad"]
[Date "2016.01.30"]
[Round "2"]
[White "Ghaem Maghami, Ehsan"]
[Black "Tafakori, Mohammad Reza"]
[Result "1-0"]
[WhiteElo "2594"]
[BlackElo "1940"]
[PlyCount "57"]
[EventDate "2016.01.29"]
[EventType "swiss"]
[EventRounds "9"]
[EventCountry "IRI"]
[SourceTitle "CBM 170 Extra"]
[Source "ChessBase"]
[SourceDate "2016.02.25"]
[SourceVersion "1"]
[SourceVersionDate "2016.02.25"]
[SourceQuality "1"]

1. c4 Nf6 2. Nc3 g6 3. e4 d6 4. d4 Bg7 5. Nge2 0-0 6. Ng3 e5 7. d5 Na6 8. Be2 c5 9. h4 h5 10. Bg5 Qd7 11. Qd2 Nc7 12. a3 a6 13. b4 b5 14. bxc5 dxc5 15. Be3 Rd8 16. cxb5 axb5 17. Bxc5 Rb8 18. Be3 Ba6 19. Na2 Ng4 20. Bxg4 Qxg4 21. Nb4 f5 22. Rc1 Rd7 23. Rxc7 f4 24. Nxa6 Ra8 25. Qe2 Rxc7 26. Qxg4 hxg4 27. Nxc7 Rxa3 28. Ne6 fxg3 29. 0-0 1-0